Online Catalogue and eLibrary

Sangawunu ithihasaya : (Record no. 4891)

MARC details
000 -LEADER
fixed length control field 00496nam a2200157Ia 4500
005 - DATE AND TIME OF LATEST TRANSACTION
control field 20250613012517.0
008 - FIXED-LENGTH DATA ELEMENTS--GENERAL INFORMATION
fixed length control field 240331s9999 xx 000 0 und d
020 ## - INTERNATIONAL STANDARD BOOK NUMBER
ISBN 9789551772000
082 ## - DDC Classification
Item Number - Author Mark SAM
Class No. 305
100 ## - MAIN ENTRY--PERSONAL NAME
Personal name Samuel,K
245 #0 - TITLE STATEMENT
Title Sangawunu ithihasaya :
Remainder of title Sri Lankawaula samaya sandaha kanthawange kriyawadaya 1982-2002
260 ## - PUBLICATION, DISTRIBUTION, ETC.
Place of publication, distribution, etc. Colombo
Name of publisher, distributor, etc. Social Scientist Society
Date of publication, distribution, etc. 2006
300 ## - PHYSICAL DESCRIPTION
Extent (e.g. Volumes, Pages etc.) 118 p .,
500 ## - GENERAL NOTE
General note A book on Women's Activism for Peace in Sri Lanka - 1982-2002
942 ## - Koha item type (Biblio)
Koha item type Books in Stacks (Lending)
Holdings
Lost status Damaged status Collection code Home library Current library Shelving location Date acquired Full call number Accession Number Item type
    Lending WERC Library WERC Library Social Science Cupboard 03/31/2024 305 SAM 6046 Books in Stacks (Lending)

© WERC Library